Third sex, third gender : beyond sexual dimorphism in culture and history

Αποθηκεύτηκε σε:
Λεπτομέρειες βιβλιογραφικής εγγραφής
Άλλοι συγγραφείς: Herdt, Gilbert H. 1949- (Επιμελητής έκδοσης)
Μορφή: Βιβλίο
Γλώσσα:English
Δημοσίευση: New York : Zone Books, 1996
Θέματα:
Ετικέτες: Προσθήκη ετικέτας
Δεν υπάρχουν, Καταχωρήστε ετικέτα πρώτοι!

MARC

LEADER 00000nam a2200000 i 4500
001 1/62961
008 071114s1996 eng d
020 |a 0-942299-82-5 
035 |l 10092287 
040 |a GR-MY-UA  |b gre  |e aacr 
041 0 |a eng 
082 0 |a 305.3  |2 (22) 
245 1 0 |a Third sex, third gender :  |b beyond sexual dimorphism in culture and history /  |c edited by Gilbert Herdt 
260 |a New York :   |b Zone Books,   |c 1996 
300 |a 614 σ.;  |b εικ.;  |c 23 εκ. 
504 |a Βιβλιογραφία: σ. 487-596. Ευρετήριο 
650 0 0 |a Sex role  |x History. 
650 0 0 |a Gender identity  |x History. 
650 0 0 |a Sexual deviation  |x History. 
650 0 0 |a Sexual orientation  |x History. 
650 0 0 |a Intersexuality  |x History. 
700 1 |a Herdt, Gilbert H.  |d 1949-  |4 edt 
852 |a INST  |b SYROS  |e 20071114  |h 305.3 THI  |p 005500006949  |q 005500006949  |t BK  |y 0 
901 |a BIBL5-2007-3 
909 |a Ε  |b 140042 
922 |a 5ΕΛΗ  |b 200710  |c ΕΠΕΑΕΚ2/ΤΜΣΠΣ  |d ΠΑΠΑΣΩΤΗΡΙΟΥ 
970 |a ΚΟΝΤΟΥ  |b ΠΑΡΑΣΚΕΥΗ  |z 2007/11/14